{"text_format":"3","workbook":"xlsx","n_sheets":3,"sheets":["Sheet1","Sheet2","Sheet3"],"read":"whole","date_system":"1900"}

{"sheet":"Sheet1","index":0,"n_rows":16,"n_cols":9,"rows_kept":16,"merged":[[0,0,0,7],[6,0,14,0],[6,1,14,1],[6,3,14,3],[6,4,14,4],[6,5,14,5],[6,6,14,6],[6,7,14,7],[6,8,14,8],[15,2,15,5]]}
["办公设备清单"]
["序号","品名","规格型号","数量","单位","单价限价","小计","单价报价","小计"]
[1,"空调","格力KFR-72LW/(72536)FNhAa-B3JY01",2,"台",6000,{"$f":"D3*F3","v":12000}]
[2,"功能一体机","联想M280DW激光多功能一体机",3,"台",1300,{"$f":"D4*F4","v":3900}]
[3,"喷墨打印机","爱普生（EPSON）WF-110便携式喷墨彩色打印机手机无线移动办公喷墨打印机",2,"台",2250,{"$f":"D5*F5","v":4500}]
[4,"高速扫描仪","科密 GS5600 高速扫描仪 A4双面高清彩色自动连续 办公文档合同馈纸式 支持银河麒麟国产系统",2,"台",5800,{"$f":"D6*F6","v":11600}]
[5,"床头显示屏","来邦 NND-A07XAP",10,"台",1300,13000]
[null,null,"1、采用7英寸液晶显示屏，支持显示责任医生、责任护士、患者等相关信息，含多功能手持手柄，嵌入式安装于设备带。"]
[null,null,"2、支持呼叫护士站主机与解除呼叫、护士站主机双向对讲。"]
[null,null,"3、支持一键向护士站主机发起紧急增援、换药提醒。"]
[null,null,"4、支持记录护理时长，护理记录可上传至主机或服务器存储。"]
[null,null,"5、夜晚模式：支持设置夜间关屏休眠模式。"]
[null,null,"6、支持外接防水按钮、按钮接线盒。"]
[null,null,"7、POE供电：内置POE模块。"]
[null,null,"8、支持与现有来邦对讲系统匹配对接。"]
[6,"合计","大写：",{"$nulls":3},{"$f":"SUM(G3:G15)","v":45000},"/"]

{"sheet":"Sheet2","index":1,"n_rows":0,"n_cols":0,"rows_kept":0}

{"sheet":"Sheet3","index":2,"n_rows":0,"n_cols":0,"rows_kept":0}